[Event "PAR-ch sf"]
[Site "Asuncion"]
[Date "2023.10.28"]
[Round "3"]
[White "Ferreira, Sebastian"]
[Black "Amarilla Ettiene, Ezequiel"]
[Result "0-1"]
[WhiteElo "1762"]
[BlackElo "1875"]
[PlyCount "146"]
[EventDate "2023.10.27"]
[EventType "swiss"]
[EventRounds "9"]
[EventCountry "PAR"]
[SourceTitle "CB48_2023"]
[SourceDate "2023.11.29"]
[SourceVersion "1"]
[SourceVersionDate "2023.11.29"]
[SourceQuality "1"]

1. d4 Nf6 2. c4 e6 3. Nf3 Bb4+ 4. Bd2 a5 5. a3 Bxd2+ 6. Nbxd2 d6 7. g3 Nbd7 8. Bg2 0-0 9. 0-0 e5 10. Qc2 Qe7 11. Rfe1 Rb8 12. e3 b6 13. b4 Bb7 14. d5 c6 15. e4 Rfc8 16. Qd3 axb4 17. axb4 b5 18. Nh4 g6 19. Ra5 Nb6 20. dxc6 bxc4 21. Nxc4 Nxc4 22. Qxc4 Bxc6 23. Qb3 Qb7 24. b5 Bxb5 25. Qf3 Nd7 26. Qg4 Qc7 27. Raa1 h5 28. Qg5 Qd8 29. Qh6 Qf6 30. Rac1 Nc5 31. Bf1 Bxf1 32. Kxf1 Nd3 33. Rxc8+ Rxc8 34. Re2 Rc1+ 35. Kg2 Nf4+ 36. gxf4 Qxh4 37. Qg5 Qxf4 38. Qxf4 exf4 39. Rd2 Rc6 40. h4 Kg7 41. Kf3 Rc3+ 42. Kxf4 Rh3 43. f3 Rxh4+ 44. Kg3 Rh1 45. Rxd6 Rg1+ 46. Kh3 g5 47. Kh2 Re1 48. Rd5 Kg6 49. Kg2 Re2+ 50. Kh3 h4 51. Rf5 Rf2 52. Kg4 Rg2+ 53. Kh3 Rg3+ 54. Kh2 f6 55. Kh1 g4 56. fxg4 Rxg4 57. Rf2 Rxe4 58. Kh2 Re3 59. Kg2 Kg5 60. Kh2 f5 61. Rg2+ Kf4 62. Rb2 Kg4 63. Rb4+ f4 64. Rb2 h3 65. Rb8 Re2+ 66. Kh1 Kg3 67. Rg8+ Kf3 68. Rh8 Kg3 69. Rg8+ Kf2 70. Kh2 Re3 71. Rg2+ Ke1 72. Rg4 f3 73. Rg1+ Ke2 0-1

[Event "Vicente Lopez ProAm 100 Years op"]
[Site "Buenos Aires"]
[Date "2022.10.13"]
[Round "3"]
[White "Bauza Mercere, Eduardo"]
[Black "Ferreira, Sebastian"]
[Result "1/2-1/2"]
[WhiteElo "1647"]
[BlackElo "1799"]
[PlyCount "61"]
[EventDate "2022.10.11"]
[EventType "swiss"]
[EventRounds "9"]
[EventCountry "ARG"]
[SourceTitle "CBM 210 Extra"]
[Source "ChessBase"]
[SourceDate "2022.11.30"]
[SourceVersion "1"]
[SourceVersionDate "2022.11.30"]
[SourceQuality "1"]

1. d4 Nf6 2. Nf3 g6 3. Bg5 Bg7 4. Nbd2 d5 5. e3 0-0 6. Be2 Re8 7. 0-0 Nbd7 8. c4 c6 9. Rc1 h6 10. Bh4 g5 11. Bg3 Ne4 12. cxd5 Nxg3 13. hxg3 cxd5 14. Qb3 e6 15. Rc2 f5 16. Bb5 Re7 17. Bxd7 Bxd7 18. Ne5 Bxe5 19. dxe5 Rc8 20. Rfc1 Rxc2 21. Qxc2 Bc6 22. Nf3 Kf7 23. Nd4 Qh8 24. f4 gxf4 25. gxf4 Be8 26. Qc8 Qf8 27. Rc7 Rxc7 28. Qxc7+ Qe7 29. Qxe7+ Kxe7 30. Kf2 a6 31. Kg3 1/2-1/2

[Event "Vicente Lopez ProAm 100 Years op"]
[Site "Buenos Aires"]
[Date "2022.10.11"]
[Round "1"]
[White "Spata, German"]
[Black "Ferreira, Sebastian"]
[Result "1-0"]
[WhiteElo "2289"]
[BlackElo "1799"]
[PlyCount "65"]
[EventDate "2022.10.11"]
[EventType "swiss"]
[EventRounds "9"]
[EventCountry "ARG"]
[SourceTitle "CBM 210 Extra"]
[Source "ChessBase"]
[SourceDate "2022.11.30"]
[SourceVersion "1"]
[SourceVersionDate "2022.11.30"]
[SourceQuality "1"]

1. d4 d5 2. c4 e6 3. Nf3 Nf6 4. g3 c6 5. Bg2 dxc4 6. 0-0 Bd6 7. a4 Nbd7 8. Nfd2 Qe7 9. Nxc4 Bc7 10. b3 h5 11. Ba3 Qd8 12. e4 Nf8 13. Nc3 b6 14. e5 Nd5 15. Ne4 Qd7 16. Ncd6+ Bxd6 17. Nxd6+ Kd8 18. Bxd5 exd5 19. Qf3 Rg8 20. Nxf7+ Kc7 21. Bd6+ Kb7 22. a5 a6 23. axb6 Ne6 24. Ra4 Nd8 25. Nxd8+ Rxd8 26. Rfa1 Qf5 27. Qe2 Qe4 28. Qf1 Rxd6 29. exd6 Bg4 30. Rxa6 Be2 31. Ra7+ Kxb6 32. Rxa8 Bxf1 33. Rb8# 1-0